=LDR 00000nam 2200000 4500 =001 INLIS000000000050680 =005 20170515102201 =035 ##$$a 0010-0517000333 =007 ta =008 170515###########################0###### =020 ##$$a 978-602-9212-09-9 =082 ##$$a 749 =084 ##$$a 749 IND m =100 #$$a Indira, Ira Dhayani =245 1#$$a Menyulap Mebel Lama Menjadi Baru /$c Ira Dhayani Indira =250 ##$$a Cet.1 =260 ##$$a Solo :$b Tiga Serangkai,$c 2011 =300 ##$$a vi, 1026 hlm. : $b Ilus ; $c 27 cm. =650 ##$$a FURNITUR =990 ##$$a 83808380 =990 ##$$a 83808380 =990 ##$$a 31700255 =990 ##$$a 02201708380 =990 ##$$a 31700256 =990 ##$$a 31700255